[Event "Novokuznetsk SFO-ch U17 Girls"]
[Site "Novokuznetsk"]
[Date "2014.11.07"]
[Round "6"]
[White "Matiukova, Uliana"]
[Black "Martynova, Anastasia"]
[Result "1/2-1/2"]
[WhiteElo "2090"]
[BlackElo "2002"]
[PlyCount "72"]
[EventDate "2014.11.02"]
[EventType "swiss"]
[EventRounds "9"]
[EventCountry "RUS"]
[SourceTitle "CBM 163 Extra"]
[Source "ChessBase"]
[SourceDate "2014.12.23"]
[SourceVersion "1"]
[SourceVersionDate "2014.12.23"]
[SourceQuality "1"]

1. d4 Nf6 2. Nf3 e6 3. c4 Nc6 4. Bg5 Bb4+ 5. Nbd2 h6 6. Bxf6 Qxf6 7. a3 Be7 8. e3 g6 9. Bd3 0-0 10. b4 d6 11. 0-0 Qg7 12. Qc2 f5 13. b5 Nd8 14. c5 e5 15. cxd6 cxd6 16. dxe5 dxe5 17. Bc4+ Kh7 18. Nb3 Be6 19. Bxe6 Nxe6 20. Qc4 Qf6 21. Qd5 e4 22. Nfd4 Nxd4 23. Nxd4 Rab8 24. Ne6 Rfe8 25. Rfd1 Bd8 26. Nxd8 Rexd8 27. Qc5 a6 28. bxa6 bxa6 29. Qc7+ Qg7 30. Qxg7+ Kxg7 31. Rxd8 Rxd8 32. Kf1 Rd2 33. Ke1 Rb2 34. Rc1 Ra2 35. Rc7+ Kh8 36. Rc8+ Kg7 1/2-1/2

[Event "Novokuznetsk SFO-ch U17 Girls"]
[Site "Novokuznetsk"]
[Date "2014.11.02"]
[Round "1"]
[White "Baraeva, Irina"]
[Black "Martynova, Anastasia"]
[Result "0-1"]
[WhiteElo "1721"]
[BlackElo "2002"]
[PlyCount "108"]
[EventDate "2014.11.02"]
[EventType "swiss"]
[EventRounds "9"]
[EventCountry "RUS"]
[SourceTitle "CBM 163 Extra"]
[Source "ChessBase"]
[SourceDate "2014.12.23"]
[SourceVersion "1"]
[SourceVersionDate "2014.12.23"]
[SourceQuality "1"]

1. e4 d6 2. d4 Nf6 3. Nc3 e5 4. dxe5 dxe5 5. Qxd8+ Kxd8 6. Bg5 Be6 7. 0-0-0+ Nbd7 8. Nf3 Kc8 9. a3 c6 10. Nd2 Ng4 11. Bh4 Bc5 12. f3 Nf2 13. Bxf2 Bxf2 14. Bc4 Nc5 15. Bxe6+ Nxe6 16. Nc4 f6 17. Rhf1 Bc5 18. Ne2 Kc7 19. b4 Be7 20. Ne3 a5 21. c3 axb4 22. axb4 g6 23. Kb2 Bf8 24. Rd2 Bh6 25. Rd3 Rhd8 26. Rxd8 Rxd8 27. Ng4 Bg5 28. Kb3 Rd2 29. Re1 h5 30. Nf2 Nf4 31. Nxf4 Bxf4 32. Rf1 Bxh2 33. g4 h4 34. Nh3 Bg3 35. Rh1 Re2 36. g5 Re3 37. Rf1 fxg5 38. Nxg5 Be1 39. Ne6+ Kd6 40. Nc5 b6 41. Nd3 Rxd3 42. Rxe1 Rxf3 43. Rg1 Rg3 44. Rd1+ Ke7 45. Ra1 Rg5 46. Ra7+ Kd6 47. Rh7 Rh5 48. Rg7 g5 49. Rg6+ Kc7 50. Rg7+ Kb8 51. Kc4 h3 52. b5 h2 53. bxc6 h1Q 54. Kb5 Qb1+ 0-1

[Event "Krasnoyarsk City-ch"]
[Site "Krasnoyarsk"]
[Date "2013.10.13"]
[Round "11"]
[White "Martynova, Anastasia"]
[Black "Oleynik, Viktor"]
[Result "1/2-1/2"]
[WhiteElo "1884"]
[BlackElo "1958"]
[PlyCount "60"]
[EventDate "2013.10.03"]
[EventType "swiss"]
[EventRounds "11"]
[EventCountry "RUS"]
[SourceTitle "EXT 2014"]
[Source "ChessBase"]
[SourceDate "2013.11.20"]
[SourceVersion "1"]
[SourceVersionDate "2013.11.20"]
[SourceQuality "1"]

1. Nf3 Nf6 2. c4 d6 3. d4 g6 4. Nc3 Bg7 5. e4 Bg4 6. Be2 Nc6 7. 0-0 Bxf3 8. Bxf3 e5 9. Ne2 exd4 10. Nxd4 Nxd4 11. Qxd4 0-0 12. g3 Re8 13. Qd3 Nd7 14. Bg2 Nc5 15. Qc2 Qf6 16. Rb1 a5 17. b3 Rad8 18. Bb2 Qe7 19. Bxg7 Kxg7 20. Qc3+ Qe5 21. Qxa5 Ra8 22. Qxc7 Rxa2 23. b4 Nxe4 24. Rbe1 Qd4 25. Bxe4 Rxe4 26. Rd1 Qxc4 27. Qxb7 Qxb4 28. Qxb4 Rxb4 29. Rxd6 Rbb2 30. Rd7 Rc2 1/2-1/2

[Event "Krasnoyarsk City-ch"]
[Site "Krasnoyarsk"]
[Date "2013.10.08"]
[Round "6"]
[White "Martynova, Anastasia"]
[Black "Grigorian, Marine"]
[Result "1/2-1/2"]
[WhiteElo "1884"]
[BlackElo "2110"]
[PlyCount "64"]
[EventDate "2013.10.03"]
[EventType "swiss"]
[EventRounds "11"]
[EventCountry "RUS"]
[SourceTitle "EXT 2014"]
[Source "ChessBase"]
[SourceDate "2013.11.20"]
[SourceVersion "1"]
[SourceVersionDate "2013.11.20"]
[SourceQuality "1"]

1. Nf3 d6 2. d4 Nf6 3. c4 g6 4. Nc3 Bf5 5. g3 Bg7 6. Bg2 0-0 7. 0-0 Nc6 8. d5 Na5 9. Nd2 c5 10. e4 Bd7 11. Qc2 a6 12. b3 b5 13. Bb2 Rb8 14. Nd1 e5 15. Bc3 h5 16. Ne3 h4 17. Nf3 hxg3 18. fxg3 Bh6 19. Bd2 Nh7 20. Rf2 Ng5 21. Nxg5 Bxg5 22. Raf1 bxc4 23. bxc4 Kg7 24. Qc1 Kg8 25. Qd1 Rb2 26. Bxa5 Qxa5 27. Rxb2 Bxe3+ 28. Kh1 Bd4 29. Rb7 Bc8 30. Ra7 Qb6 31. Ra8 Qb7 32. Rxc8 Qxc8 1/2-1/2

[Event "Krasnoyarsk City-ch"]
[Site "Krasnoyarsk"]
[Date "2013.10.05"]
[Round "3"]
[White "Pakhomov, Denis"]
[Black "Martynova, Anastasia"]
[Result "0-1"]
[WhiteElo "2084"]
[BlackElo "1884"]
[PlyCount "62"]
[EventDate "2013.10.03"]
[EventType "swiss"]
[EventRounds "11"]
[EventCountry "RUS"]
[SourceTitle "EXT 2014"]
[Source "ChessBase"]
[SourceDate "2013.11.20"]
[SourceVersion "1"]
[SourceVersionDate "2013.11.20"]
[SourceQuality "1"]

1. e4 d6 2. Nf3 Nf6 3. Nc3 e5 4. Bc4 Be7 5. d3 0-0 6. Bg5 c6 7. Qe2 b5 8. Bb3 a5 9. a4 b4 10. Nd1 Na6 11. 0-0 Nc5 12. Bc4 Nfd7 13. Bxe7 Qxe7 14. Ne3 Nb6 15. Nd2 Nbxa4 16. Rfb1 Bd7 17. Ra2 Nb6 18. c3 Rfb8 19. d4 exd4 20. cxd4 Nxe4 21. Rba1 a4 22. f3 Nxd2 23. Qxd2 Re8 24. Kf2 Qxe3+ 25. Qxe3 Rxe3 26. Kxe3 Nxc4+ 27. Kd3 Nb6 28. g4 Be6 29. b3 Bxb3 30. Rf2 a3 31. h4 Be6 0-1

[Event "Krasnoyarsk City-ch"]
[Site "Krasnoyarsk"]
[Date "2013.10.03"]
[Round "1"]
[White "Koshaev, Valerij"]
[Black "Martynova, Anastasia"]
[Result "1-0"]
[WhiteElo "2146"]
[BlackElo "1884"]
[PlyCount "79"]
[EventDate "2013.10.03"]
[EventType "swiss"]
[EventRounds "11"]
[EventCountry "RUS"]
[SourceTitle "EXT 2014"]
[Source "ChessBase"]
[SourceDate "2013.11.20"]
[SourceVersion "1"]
[SourceVersionDate "2013.11.20"]
[SourceQuality "1"]

1. c4 e5 2. Nc3 f5 3. d4 d6 4. dxe5 dxe5 5. Qxd8+ Kxd8 6. Nf3 Nc6 7. Bg5+ Be7 8. 0-0-0+ Bd7 9. e4 g6 10. c5 Nf6 11. Bb5 h6 12. Bxc6 bxc6 13. Nxe5 hxg5 14. Nf7+ Kc8 15. Nxh8 Be8 16. exf5 gxf5 17. Rhe1 Bf8 18. Rxe8+ Nxe8 19. Nf7 Bxc5 20. Rd8+ Kb7 21. Rxa8 Kxa8 22. Nxg5 Bxf2 23. Kd2 Nd6 24. Ke2 Bd4 25. Kf3 Nc4 26. h4 Nxb2 27. Ne2 Be5 28. Nf7 Bf6 29. h5 Nd3 30. h6 Ne5+ 31. Nxe5 Bxe5 32. Ng3 f4 33. Nh5 Kb7 34. Nxf4 c5 35. g4 c4 36. g5 c3 37. Nd3 c2 38. g6 c5 39. g7 c4 40. Nc1 1-0

[Event "St Petersburg Rudenko Memorial (Women)"]
[Site "St Petersburg"]
[Date "2009.08.29"]
[Round "4"]
[White "Martynova, Anastasia"]
[Black "Kushka, Alena"]
[Result "0-1"]
[WhiteElo "1903"]
[BlackElo "2149"]
[PlyCount "56"]
[EventDate "2009.08.24"]
[EventType "swiss"]
[EventRounds "9"]
[EventCountry "RUS"]
[SourceTitle "CBM 132 Extra"]
[Source "ChessBase"]
[SourceDate "2009.11.03"]
[SourceVersion "1"]
[SourceVersionDate "2009.11.03"]
[SourceQuality "1"]

1. e4 c5 2. Nf3 Nc6 3. d4 cxd4 4. Nxd4 g6 5. c4 Bg7 6. Nc3 Nxd4 7. Be3 Nc6 8. Qd2 d6 9. f3 Be6 10. Nd5 Bxd5 11. cxd5 Ne5 12. Bb5+ Nd7 13. g4 a6 14. Be2 Ngf6 15. h4 h6 16. Kf2 Ne5 17. Qb4 Qd7 18. Rag1 h5 19. gxh5 Rxh5 20. Bg5 Rc8 21. Bxf6 Bxf6 22. f4 Bxh4+ 23. Ke3 Nc4+ 24. Bxc4 b5 25. Be2 Qa7+ 26. Kd2 Bf2 27. Qa3 Qd4+ 28. Bd3 Qe3+ 0-1

[Event "EU-ch (Women) 10th"]
[Site "St Petersburg"]
[Date "2009.03.18"]
[Round "10"]
[White "Kluchik, Julia"]
[Black "Martynova, Anastasia"]
[Result "1-0"]
[WhiteElo "1953"]
[BlackElo "1894"]
[PlyCount "119"]
[EventDate "2009.03.08"]
[EventType "swiss"]
[EventRounds "11"]
[EventCountry "RUS"]
[SourceTitle "CBM 129 Extra"]
[Source "ChessBase"]
[SourceDate "2009.05.05"]
[SourceVersion "2"]
[SourceVersionDate "2009.05.20"]
[SourceQuality "1"]

1. d4 e6 2. e4 d5 3. exd5 exd5 4. Bd3 Bd6 5. Nf3 Bg4 6. h3 Bh5 7. Be3 Nd7 8. Nbd2 Ngf6 9. c3 c6 10. Qc2 Qc7 11. 0-0-0 0-0-0 12. c4 dxc4 13. Nxc4 Bf4 14. Kb1 Nd5 15. Qa4 Bxf3 16. gxf3 Kb8 17. Rc1 N7b6 18. Qb3 Rhe8 19. Rhe1 Re6 20. a4 Rde8 21. Be4 Bxe3 22. fxe3 g6 23. Ne5 f6 24. Nd3 f5 25. Bxd5 Nxd5 26. Nc5 Rxe3 27. Rxe3 Rxe3 28. Na6+ Kc8 29. Qxe3 Nxe3 30. Nxc7 Kxc7 31. Re1 f4 32. Ka2 Kd6 33. Kb3 Kd5 34. Kc3 a5 35. Kd3 Nc4 36. b3 Ne3 37. h4 b6 38. h5 g5 39. h6 g4 40. fxg4 Nxg4 41. Rf1 Nxh6 42. Rxf4 b5 43. Rh4 Nf5 44. Rh5 Ke6 45. Rxh7 Ne7 46. Rh6+ Kd7 47. axb5 cxb5 48. Rb6 b4 49. Kc4 Nc8 50. Rh6 Nd6+ 51. Kd5 Nb5 52. Rh7+ Kd8 53. Kc5 Nc3 54. Ra7 Ne4+ 55. Kd5 Nd2 56. Rxa5 Nxb3 57. Rb5 Kc7 58. Rxb4 Na5 59. Ke6 Nb7 60. Rxb7+ 1-0

[Event "EU-ch (Women) 10th"]
[Site "St Petersburg"]
[Date "2009.03.11"]
[Round "4"]
[White "Cherenkova, Kristina"]
[Black "Martynova, Anastasia"]
[Result "1-0"]
[WhiteElo "2270"]
[BlackElo "1894"]
[PlyCount "95"]
[EventDate "2009.03.08"]
[EventType "swiss"]
[EventRounds "11"]
[EventCountry "RUS"]
[SourceTitle "CBM 129 Extra"]
[Source "ChessBase"]
[SourceDate "2009.05.05"]
[SourceVersion "2"]
[SourceVersionDate "2009.05.20"]
[SourceQuality "1"]

1. e4 e6 2. d3 d5 3. Nd2 c5 4. Ngf3 Nc6 5. g3 g6 6. Bg2 Bg7 7. 0-0 Nge7 8. exd5 exd5 9. d4 Nxd4 10. Nxd4 cxd4 11. Nb3 Qb6 12. Bg5 Be6 13. Re1 Rd8 14. Qf3 Rd7 15. Bf6 Bg4 16. Bxe7 Bxf3 17. Bc5+ Qe6 18. Rxe6+ fxe6 19. Bxf3 e5 20. Bxa7 0-0 21. Bg4 Rc7 22. Bc5 Rf6 23. f4 Rfc6 24. fxe5 Rxc5 25. Nxc5 Rxc5 26. e6 Bf6 27. Re1 Kf8 28. Re2 Ke7 29. Kf2 Rb5 30. b3 Ra5 31. Bf3 Bg5 32. Re5 Be3+ 33. Ke2 Rxa2 34. Kd3 Bg1 35. h3 Bh2 36. Bxd5 Bxg3 37. Re4 b6 38. Rxd4 Ra5 39. Ke4 Ra1 40. Rd3 Bh4 41. Kd4 Ra7 42. Kc4 Ra5 43. b4 Ra1 44. Kb5 Rb1 45. Bb3 Bf2 46. Rd7+ Ke8 47. Rxh7 Re1 48. Bd5 1-0

[Event "EU-ch (Women) 10th"]
[Site "St Petersburg"]
[Date "2009.03.09"]
[Round "2"]
[White "Martynova, Anastasia"]
[Black "Andriasian, Siranush"]
[Result "1-0"]
[WhiteElo "1894"]
[BlackElo "2262"]
[PlyCount "47"]
[EventDate "2009.03.08"]
[EventType "swiss"]
[EventRounds "11"]
[EventCountry "RUS"]
[SourceTitle "CBM 129 Extra"]
[Source "ChessBase"]
[SourceDate "2009.05.05"]
[SourceVersion "2"]
[SourceVersionDate "2009.05.20"]
[SourceQuality "1"]

1. e4 c5 2. Nf3 e6 3. d4 cxd4 4. Nxd4 a6 5. Nc3 Qc7 6. Be2 Nc6 7. 0-0 Nf6 8. Bg5 Be7 9. Qd2 0-0 10. Nxc6 bxc6 11. Qf4 Bd6 12. Qh4 Be5 13. Bd3 Rb8 14. f4 Bd4+ 15. Kh1 h6 16. Bxh6 Nh7 17. e5 f5 18. exf6 Nxf6 19. Rf3 d5 20. Rg3 Rf7 21. Bg6 Re7 22. Bg5 Bb7 23. Rh3 Kf8 24. Bxf6 1-0

[Event "St Petersburg Rudenko Memorial (Women)"]
[Site "St Petersburg"]
[Date "2008.09.03"]
[Round "9"]
[White "Shushpanova, Nina Aleksandro"]
[Black "Martynova, Anastasia"]
[Result "1-0"]
[WhiteElo "2001"]
[BlackElo "1873"]
[PlyCount "97"]
[EventDate "2008.08.26"]
[EventType "swiss"]
[EventRounds "9"]
[EventCountry "RUS"]
[SourceTitle "EXT 2010"]
[Source "ChessBase"]
[SourceDate "2010.11.25"]
[SourceVersion "1"]
[SourceVersionDate "2010.11.25"]
[SourceQuality "1"]

1. e4 e6 2. Nf3 d5 3. Nc3 Nf6 4. e5 Nfd7 5. d4 c5 6. dxc5 Bxc5 7. Bd3 Nc6 8. Bf4 Qb6 9. 0-0 Qxb2 10. Nb5 0-0 11. Bxh7+ Kxh7 12. Ng5+ Kg8 13. Qd3 g6 14. Rfb1 Ndxe5 15. Qh3 Nf3+ 16. Nxf3 Qf6 17. Bg5 Qh8 18. Qxh8+ Kxh8 19. Bf6+ Kg8 20. Rb3 Bd7 21. Ne5 Bxf2+ 22. Kxf2 Nxe5 23. Bxe5 Bxb5 24. Rxb5 f6 25. Bb2 b6 26. Re1 Kf7 27. Rb3 Rac8 28. Re2 e5 29. a4 Rc6 30. a5 Rfc8 31. axb6 Rxb6 32. Rxb6 axb6 33. g4 d4 34. Kf3 Rc4 35. Ke4 d3+ 36. Kxd3 Rxg4 37. Re4 Rxe4 38. Kxe4 Ke6 39. c4 f5+ 40. Kf3 g5 41. Ba3 Kd7 42. Bc1 g4+ 43. Kg3 Kd6 44. Ba3+ Ke6 45. Bb4 b5 46. cxb5 Kd5 47. b6 Kc6 48. Bc5 e4 49. Bd4 1-0

[Event "St Petersburg Rudenko Memorial (Women)"]
[Site "St Petersburg"]
[Date "2008.09.01"]
[Round "7"]
[White "Kiseleva, Arina"]
[Black "Martynova, Anastasia"]
[Result "0-1"]
[WhiteElo "1850"]
[BlackElo "1873"]
[PlyCount "84"]
[EventDate "2008.08.26"]
[EventType "swiss"]
[EventRounds "9"]
[EventCountry "RUS"]
[SourceTitle "EXT 2010"]
[Source "ChessBase"]
[SourceDate "2010.11.25"]
[SourceVersion "1"]
[SourceVersionDate "2010.11.25"]
[SourceQuality "1"]

1. d4 e6 2. Nf3 f5 3. g3 Nf6 4. Bg2 Be7 5. c4 0-0 6. 0-0 Ne4 7. Qc2 Bf6 8. e3 d5 9. Ne5 c6 10. f4 Nd7 11. Nc3 Qe8 12. Qb3 Kh8 13. a3 Bxe5 14. fxe5 Rg8 15. Nxe4 dxe4 16. Bd2 g5 17. Qd1 h5 18. Qe2 Nf8 19. Be1 g4 20. b4 Bd7 21. Ra2 Nh7 22. Bc3 Ng5 23. d5 cxd5 24. Rf2 Nf3+ 25. Bxf3 gxf3 26. Qf1 Rc8 27. c5 Bb5 28. Qh3 Rg4 29. Kh1 Kg7 30. Bd4 Qg6 31. c6 bxc6 32. Bc5 Qg5 33. Ra1 Rh8 34. a4 Bd3 35. b5 h4 36. bxc6 hxg3 37. c7 Ba6 38. Qxh8+ Kxh8 39. hxg3 Rxg3 40. Rh2+ Kg8 41. Rb1 Kg7 42. Bxa7 Rg2 0-1

[Event "St Petersburg Rudenko Memorial (Women)"]
[Site "St Petersburg"]
[Date "2008.08.26"]
[Round "1"]
[White "Eidelson, Rakhil"]
[Black "Martynova, Anastasia"]
[Result "1-0"]
[WhiteElo "2172"]
[BlackElo "1873"]
[PlyCount "81"]
[EventDate "2008.08.26"]
[EventType "swiss"]
[EventRounds "9"]
[EventCountry "RUS"]
[SourceTitle "EXT 2010"]
[Source "ChessBase"]
[SourceDate "2010.11.25"]
[SourceVersion "1"]
[SourceVersionDate "2010.11.25"]
[SourceQuality "1"]

1. Nf3 f5 2. e4 fxe4 3. Ng5 Nf6 4. d3 d6 5. dxe4 h6 6. Nf3 e5 7. Bc4 Bg4 8. c3 Qd7 9. Nbd2 Nc6 10. b4 0-0-0 11. Qa4 Bxf3 12. Nxf3 Nxe4 13. b5 Nb8 14. 0-0 a6 15. Qc2 Nc5 16. bxa6 Ncxa6 17. Be3 Qc6 18. Be6+ Nd7 19. Rfd1 Nac5 20. Bxc5 Qxc5 21. Rd5 Qc6 22. Rad1 Kb8 23. Bxd7 Qxd7 24. Nxe5 Qe6 25. Qb3 Re8 26. h3 Be7 27. Nc6+ Kc8 28. Na7+ Kb8 29. Rb1 b6 30. Nb5 Qd7 31. a4 Kb7 32. a5 Ra8 33. Nd4 Kc8 34. axb6 Rb8 35. b7+ Kd8 36. Ra5 Bf6 37. Ra8 Ke7 38. Re1+ Be5 39. Qd5 Kf6 40. Rxb8 Rxb8 41. Rxe5 1-0

[Event "St Petersburg June op"]
[Site "St Petersburg"]
[Date "2008.06.21"]
[Round "1"]
[White "Nikitinyh, Boris Aleksandrovic"]
[Black "Martynova, Anastasia"]
[Result "1-0"]
[WhiteElo "2167"]
[BlackElo "1864"]
[PlyCount "91"]
[EventDate "2008.06.21"]
[EventType "swiss"]
[EventRounds "9"]
[EventCountry "RUS"]
[SourceTitle "CBM 125 Extra"]
[Source "ChessBase"]
[SourceDate "2008.09.01"]
[SourceVersion "1"]
[SourceVersionDate "2008.09.01"]
[SourceQuality "1"]

1. e4 e6 2. d4 d5 3. Nd2 c5 4. Ngf3 cxd4 5. exd5 Qxd5 6. Bc4 Qd6 7. 0-0 Nf6 8. Re1 Nc6 9. Nb3 Be7 10. Nbxd4 Nxd4 11. Qxd4 Qxd4 12. Nxd4 a6 13. Be2 Bd7 14. Bf3 0-0-0 15. Bf4 Ba4 16. Nf5 Bf8 17. Ne3 Bd6 18. Bxd6 Rxd6 19. Nc4 Rd4 20. b3 Bb5 21. c3 Rdd8 22. Ne5 Be8 23. Rad1 Rxd1 24. Rxd1 Ng8 25. Nc4 Ne7 26. Nd6+ Kc7 27. Nxb7 Bc6 28. Bxc6 Nxc6 29. Nc5 Kb6 30. Ne4 Rd8 31. Rxd8 Nxd8 32. Kf1 f6 33. Ke2 e5 34. Kd3 Ne6 35. Kc4 Kc6 36. b4 f5 37. Nd2 h6 38. a4 e4 39. g3 Ng5 40. Kd4 Nf7 41. c4 g5 42. b5+ axb5 43. cxb5+ Kc7 44. Kd5 Nd6 45. b6+ Kd7 46. a5 1-0

[Event "St Petersburg-ch (Women)"]
[Site "St Petersburg"]
[Date "2008.05.17"]
[Round "6"]
[White "Solovjova, Valentina"]
[Black "Martynova, Anastasia"]
[Result "1-0"]
[WhiteElo "2275"]
[BlackElo "1864"]
[PlyCount "71"]
[EventDate "2008.05.12"]
[EventType "tourn"]
[EventRounds "9"]
[EventCountry "RUS"]
[SourceTitle "CBM 124 Extra"]
[Source "ChessBase"]
[SourceDate "2008.07.03"]
[SourceVersion "1"]
[SourceVersionDate "2008.07.03"]
[SourceQuality "1"]

1. e4 e6 2. d4 d5 3. Nc3 Bb4 4. e5 c5 5. a3 Bxc3+ 6. bxc3 Qa5 7. Bd2 Qa4 8. Qg4 g6 9. Nf3 Qxc2 10. dxc5 Nc6 11. Bb5 Bd7 12. Bxc6 Bxc6 13. 0-0 Ne7 14. Bg5 Nf5 15. Bf6 Rg8 16. Rac1 Qa4 17. Qb4 a5 18. Qb6 Kd7 19. c4 Qxa3 20. cxd5 exd5 21. e6+ Kxe6 22. Qc7 Rge8 23. Ba1 d4 24. Nxd4+ Nxd4 25. Bxd4 Rad8 26. Rcd1 Rxd4 27. Rxd4 Qxc5 28. Re1+ Kf6 29. Rf4+ Kg5 30. h4+ Kh6 31. Rxe8 Qd5 32. Ree4 Qd1+ 33. Kh2 Bxe4 34. Rxe4 a4 35. Qxf7 Qd6+ 36. Qf4+ 1-0

[Event "St Petersburg-ch (Women)"]
[Site "St Petersburg"]
[Date "2008.05.15"]
[Round "4"]
[White "Sokolova, Vera Evgenyevna"]
[Black "Martynova, Anastasia"]
[Result "1-0"]
[WhiteElo "2057"]
[BlackElo "1864"]
[PlyCount "55"]
[EventDate "2008.05.12"]
[EventType "tourn"]
[EventRounds "9"]
[EventCountry "RUS"]
[SourceTitle "CBM 124 Extra"]
[Source "ChessBase"]
[SourceDate "2008.07.03"]
[SourceVersion "1"]
[SourceVersionDate "2008.07.03"]
[SourceQuality "1"]

1. e4 e6 2. d4 d5 3. e5 c5 4. c3 Qb6 5. Nf3 Bd7 6. Be2 Bb5 7. dxc5 Bxc5 8. b4 Be7 9. a4 Bxe2 10. Qxe2 a5 11. Be3 Qc7 12. b5 Nd7 13. 0-0 Nxe5 14. Nxe5 Qxe5 15. b6 Nf6 16. Qb5+ Nd7 17. Bd4 Qg5 18. f4 Qh6 19. Nd2 Bf6 20. Nb3 Be7 21. Nxa5 Bd6 22. g3 Rb8 23. Nxb7 Bxf4 24. Nc5 Be3+ 25. Kh1 Rd8 26. b7 e5 27. Qxd7+ Rxd7 28. b8Q+ 1-0

[Event "St Petersburg-ch (Women)"]
[Site "St Petersburg"]
[Date "2008.05.13"]
[Round "2"]
[White "Kluchik, Julia"]
[Black "Martynova, Anastasia"]
[Result "1/2-1/2"]
[WhiteElo "1961"]
[BlackElo "1864"]
[PlyCount "46"]
[EventDate "2008.05.12"]
[EventType "tourn"]
[EventRounds "9"]
[EventCountry "RUS"]
[SourceTitle "CBM 124 Extra"]
[Source "ChessBase"]
[SourceDate "2008.07.03"]
[SourceVersion "1"]
[SourceVersionDate "2008.07.03"]
[SourceQuality "1"]

1. Nf3 f5 2. g3 Nf6 3. Bg2 e6 4. c4 Be7 5. d4 0-0 6. 0-0 Ne4 7. d5 d6 8. dxe6 Bxe6 9. Qc2 Nc6 10. Nbd2 Nxd2 11. Bxd2 Bf6 12. Rad1 Qe7 13. Bc3 Rad8 14. Nd4 Bxd4 15. Bxd4 Nxd4 16. Rxd4 Qf7 17. b3 Bc8 18. Rfd1 Qe7 19. Qd2 Rde8 20. Bf3 Kh8 21. Bh5 Rd8 22. c5 Rf6 23. Qf4 h6 1/2-1/2

[Event "St Petersburg March op"]
[Site "St Petersburg"]
[Date "2008.03.29"]
[Round "8"]
[White "Efremova, Daria"]
[Black "Martynova, Anastasia"]
[Result "1-0"]
[WhiteElo "1958"]
[BlackElo "1864"]
[PlyCount "103"]
[EventDate "2008.03.22"]
[EventType "swiss"]
[EventRounds "9"]
[EventCountry "RUS"]
[SourceTitle "EXT 2010"]
[Source "ChessBase"]
[SourceDate "2010.11.25"]
[SourceVersion "1"]
[SourceVersionDate "2010.11.25"]
[SourceQuality "1"]

1. d4 Nf6 2. Nf3 g6 3. Bg5 Bg7 4. Nbd2 0-0 5. e4 d6 6. c3 b6 7. Be2 c5 8. 0-0 Bb7 9. d5 Ba6 10. a4 Bxe2 11. Qxe2 Nbd7 12. Ne1 h6 13. Bh4 Re8 14. Nd3 Qc7 15. f3 Nh7 16. g4 Ne5 17. Bg3 Rad8 18. Nxe5 dxe5 19. Nc4 Nf8 20. h4 Nd7 21. Qh2 Qb8 22. f4 exf4 23. Bxf4 Qc8 24. g5 h5 25. Bc7 Qa6 26. Qf4 f6 27. gxf6 Nxf6 28. Ne5 Rc8 29. Nxg6 Qc4 30. Rae1 Qxa4 31. Be5 Qd7 32. Nxe7+ Rxe7 33. Bxf6 Bxf6 34. Qxf6 Qh3 35. Rf3 Qg4+ 36. Kf2 Rg7 37. Qxg7+ Kxg7 38. Rg1 Qxg1+ 39. Kxg1 Re8 40. Rf4 Rd8 41. Rf5 Kg6 42. Kf2 c4 43. Ke3 b5 44. Kd4 a5 45. Rf1 Re8 46. d6 b4 47. Kd5 bxc3 48. bxc3 a4 49. d7 Ra8 50. Kd6 a3 51. Ke7 a2 52. Ra1 1-0

[Event "St Petersburg March op"]
[Site "St Petersburg"]
[Date "2008.03.26"]
[Round "5"]
[White "Yudin, Maksim"]
[Black "Martynova, Anastasia"]
[Result "1-0"]
[WhiteElo "2066"]
[BlackElo "1864"]
[PlyCount "93"]
[EventDate "2008.03.22"]
[EventType "swiss"]
[EventRounds "9"]
[EventCountry "RUS"]
[SourceTitle "EXT 2010"]
[Source "ChessBase"]
[SourceDate "2010.11.25"]
[SourceVersion "1"]
[SourceVersionDate "2010.11.25"]
[SourceQuality "1"]

1. e4 e6 2. d4 d5 3. Nc3 Bb4 4. Bd3 c5 5. a3 Bxc3+ 6. bxc3 Nc6 7. Nf3 Nf6 8. e5 Nd7 9. 0-0 c4 10. Be2 b6 11. Ne1 Bb7 12. f4 Qe7 13. a4 f5 14. Ba3 Qh4 15. Nf3 Qh6 16. Ng5 Nf8 17. Rf3 g6 18. Rh3 Qg7 19. Bxf8 Qxf8 20. Nxe6 Qe7 21. Ng5 Nd8 22. Qb1 Bc6 23. Qb4 h6 24. Qxe7+ Kxe7 25. Kf2 Ne6 26. Nxe6 Kxe6 27. Rg3 Rhg8 28. h4 h5 29. a5 b5 30. Rg5 a6 31. Rh1 Bd7 32. Bf3 Rab8 33. Rh3 Bc6 34. Rhg3 Kf7 35. Bxh5 gxh5 36. Rxf5+ Ke7 37. Rxg8 Rxg8 38. Rxh5 Be8 39. Rh7+ Ke6 40. Rh6+ Rg6 41. Rh8 Bf7 42. Kf3 Rg8 43. Rxg8 Bxg8 44. g4 Bh7 45. f5+ Kf7 46. Kf4 Ke7 47. g5 1-0

[Event "St Petersburg op U18"]
[Site "St Petersburg"]
[Date "2008.01.11"]
[Round "7"]
[White "Martynova, Anastasia"]
[Black "Belenkaya, Dina"]
[Result "0-1"]
[WhiteElo "1873"]
[BlackElo "1922"]
[PlyCount "54"]
[EventDate "2008.01.05"]
[EventType "swiss"]
[EventRounds "9"]
[EventCountry "RUS"]
[SourceTitle "CBM 122 Extra"]
[Source "ChessBase"]
[SourceDate "2008.03.04"]
[SourceVersion "1"]
[SourceVersionDate "2008.03.04"]
[SourceQuality "1"]

1. e4 c5 2. Nf3 e6 3. d4 cxd4 4. Nxd4 Nf6 5. Nc3 Nc6 6. Ndb5 Bb4 7. Nd6+ Ke7 8. Nxc8+ Rxc8 9. Bg5 Qa5 10. Bxf6+ gxf6 11. Qd2 Ne5 12. f4 Nc4 13. Bxc4 Rxc4 14. 0-0-0 Rc7 15. e5 f5 16. Kb1 Rd8 17. Qf2 Bxc3 18. Qh4+ Ke8 19. Qf6 d5 20. bxc3 Qxc3 21. Qh8+ Kd7 22. Qxh7 Qxc2+ 23. Ka1 Qc3+ 24. Kb1 Rc6 25. Qxf7+ Kc8 26. Qxe6+ Rxe6 27. Rc1 Rb6# 0-1

[Event "St Petersburg op U18"]
[Site "St Petersburg"]
[Date "2008.01.09"]
[Round "5"]
[White "Martynova, Anastasia"]
[Black "Mukhlisov, Vladislav"]
[Result "0-1"]
[WhiteElo "1873"]
[BlackElo "2134"]
[PlyCount "148"]
[EventDate "2008.01.05"]
[EventType "swiss"]
[EventRounds "9"]
[EventCountry "RUS"]
[SourceTitle "CBM 122 Extra"]
[Source "ChessBase"]
[SourceDate "2008.03.04"]
[SourceVersion "1"]
[SourceVersionDate "2008.03.04"]
[SourceQuality "1"]

1. e4 c5 2. Nc3 Nc6 3. f4 g6 4. Nf3 Bg7 5. g3 d6 6. Bg2 e6 7. 0-0 Nge7 8. d3 0-0 9. Be3 Nd4 10. Qd2 Rb8 11. Rae1 Qc7 12. Nd1 b5 13. c3 Nxf3+ 14. Bxf3 b4 15. d4 Ba6 16. Be2 Bxe2 17. Qxe2 bxc3 18. bxc3 cxd4 19. cxd4 d5 20. e5 Rfc8 21. Nf2 Nc6 22. Rc1 Qa5 23. Nd3 Bf8 24. g4 Nb4 25. Nxb4 Bxb4 26. Rxc8+ Rxc8 27. f5 exf5 28. gxf5 Qa4 29. fxg6 hxg6 30. Qf3 Qd7 31. Bh6 Bf8 32. Bxf8 Rxf8 33. Rc1 Rb8 34. Qc3 Qg4+ 35. Kf2 Qh4+ 36. Kg2 Qg4+ 37. Kf2 Kg7 38. h3 Qf4+ 39. Kg2 Rh8 40. Rf1 Qg5+ 41. Kh2 Rh4 42. Qf3 Qf5 43. Qxf5 gxf5 44. Rd1 Re4 45. Rd2 f4 46. Kg2 Kg6 47. Kf3 Kf5 48. Rd3 Re1 49. Ra3 Rf1+ 50. Ke2 Rh1 51. Rxa7 Rh2+ 52. Kd1 Ke4 53. Rxf7 Ke3 54. e6 Rd2+ 55. Kc1 Rxd4 56. e7 Re4 57. Kd1 d4 58. h4 d3 59. h5 d2 60. h6 Kd3 61. e8Q Rxe8 62. Rd7+ Ke3 63. Rxd2 f3 64. h7 f2 65. Re2+ Kf3 66. Rxe8 f1Q+ 67. Kd2 Qg2+ 68. Kc3 Qg7+ 69. Kb4 Qb7+ 70. Kc3 Qc6+ 71. Kb4 Qxe8 72. a4 Qe7+ 73. Kb5 Qxh7 74. a5 Qa7 0-1